[Event "Detroit (MCO/Ch/6/4)"]
[Site "?"]
[Date "1994.??.??"]
[Round "?"]
[White "Berkovich, D."]
[Black "Kitsis, S."]
[Result "1-0"]
[WhiteElo "2485"]
[BlackElo "2205"]
[PlyCount "43"]
[EventDate "1994.??.??"]

{6/(4)} 1. d4 Nf6 2. c4 g6 3. Nc3 Bg7 4. e4 O-O 5. Nge2 c5 6. dxc5 Qa5 7. Ng3
Qxc5 8. Be3 Qa5 9. Be2 d6 10. O-O h5 11. f3 Nc6 12. Qd2 Be6 13. Rfc1 Rfc8 14.
Nf1 Nd7 15. Rab1 Nde5 16. b3 Qb4 17. h3 Nd7 18. f4 Nf6 19. Bd1 a5 20. a3 Qxa3
21. Ra1 Qb4 22. Ra4 1-0

[Event "Detroit (Beg/1/6)"]
[Site "?"]
[Date "1994.??.??"]
[Round "?"]
[White "Bentley, S."]
[Black "Stone, Rick"]
[Result "1-0"]
[WhiteElo "1605"]
[BlackElo "1605"]
[PlyCount "39"]
[EventDate "1994.??.??"]

{1/(6)} 1. e4 e6 2. d3 Nf6 3. Nc3 d5 4. f3 Bc5 5. Nge2 O-O 6. d4 Bb6 7. Nf4
dxe4 8. Nxe4 Nc6 9. c3 Ba5 10. b4 Bb6 11. Be3 a5 12. a3 Ne7 13. Bc4 e5 14. Ne2
Bf5 15. Nxf6+ gxf6 16. Bh6 Re8 17. O-O c6 18. f4 exd4 19. Ng3 Bg6 20. f5 {
[Remainder illegible; 1-0, 28?]} 1-0

[Event "Detroit (Beg/2/3)"]
[Site "?"]
[Date "1994.??.??"]
[Round "?"]
[White "Bentley, S."]
[Black "Munger, R."]
[Result "1-0"]
[WhiteElo "1605"]
[BlackElo "1605"]
[PlyCount "25"]
[EventDate "1994.??.??"]

{2/(3)} 1. e4 e5 2. Nf3 d6 3. d4 exd4 4. Nxd4 Nf6 5. Bg5 g6 6. Nc3 Bg7 7. Nd5
O-O 8. Qf3 Nc6 9. Nxf6+ Bxf6 10. Bxf6 Qe8 11. O-O-O Ne5 12. Qf4 Nc4 13. Qh6 1-0

[Event "Detroit (Beg/5/9)"]
[Site "?"]
[Date "1994.??.??"]
[Round "?"]
[White "Bentley, S."]
[Black "Blackshear, J."]
[Result "1-0"]
[WhiteElo "1605"]
[BlackElo "1605"]
[PlyCount "35"]
[EventDate "1994.??.??"]

{5/(9)} 1. e3 e5 2. d4 d6 3. Nc3 Nc6 4. Bb5 Bd7 5. d5 Nce7 6. Nf3 Nf6 7. e4 c6
8. Bc4 Bg4 9. Bg5 Bxf3 10. Qxf3 cxd5 11. Nxd5 Qa5+ 12. c3 O-O-O 13. Bxf6 gxf6
14. Qxf6 Rg8 15. Nxe7+ Bxe7 16. Qxe7 Rxg2 17. O-O-O Qxa2 18. Rxd6 $138 1-0

[Event "Novi (Oct)"]
[Site "?"]
[Date "1994.??.??"]
[Round "?"]
[White "Bensek, R."]
[Black "Mahabir, Jagdesh"]
[Result "1-0"]
[WhiteElo "1605"]
[BlackElo "1605"]
[PlyCount "79"]
[EventDate "1994.??.??"]

1. c4 d6 2. Nc3 Nf6 3. g3 g6 4. Bg2 Bg7 5. Nf3 O-O 6. O-O c5 7. d3 Nc6 8. Bg5
h6 9. Bd2 e5 10. Qc1 Kh7 11. Nd5 Be6 12. e4 Qd7 13. Nxf6+ Bxf6 14. Bxh6 Rh8 15.
h4 Nd4 16. Qd2 Bh3 17. Nxd4 cxd4 18. Rfe1 Bxg2 19. Kxg2 Kg8 20. Rh1 Bg7 21.
Bxg7 Kxg7 22. h5 Rh6 23. Qg5 f6 24. Qd2 Rxh5 25. Rxh5 gxh5 26. Rh1 Rh8 27. Rh4
Rh6 28. g4 Rg6 29. f3 hxg4 30. fxg4 Rxg4+ 31. Rxg4+ Qxg4+ 32. Kf1 Qf4+ 33. Qxf4
exf4 34. Kf2 Kg6 35. b4 b6 36. a4 a6 37. Kf3 Kg5 38. a5 bxa5 39. b5 a4 40. bxa6
1-0

[Event "Flint (MI YJ Spon/4)"]
[Site "?"]
[Date "1994.??.??"]
[Round "?"]
[White "Bensek, R."]
[Black "Biondo, Albert"]
[Result "0-1"]
[WhiteElo "1605"]
[BlackElo "1605"]
[PlyCount "87"]
[EventDate "1994.??.??"]

1. c4 e5 2. Nc3 Nf6 3. g3 d5 4. cxd5 Nxd5 5. Bg2 Be6 6. e3 Nc6 7. a3 Bd6 8.
Nge2 Nxc3 9. Nxc3 O-O 10. O-O Qd7 11. d4 Bc4 12. Re1 Rad8 13. d5 Ne7 14. e4 f5
15. b3 Ba6 16. Bg5 f4 17. g4 Rde8 18. h3 Ng6 19. b4 h6 20. Bxh6 gxh6 21. Rb1 b6
22. b5 Bb7 23. a4 Nh4 24. f3 Re7 25. Re2 Rg7 26. Bh1 h5 27. Qe1 Bc5+ 28. Kf1 a6
29. Qxh4 Rh7 30. Rg2 Rff7 31. Qg5+ Kf8 32. Qxe5 Bd6 33. Qd4 hxg4 34. Rxg4 Rxh3
35. Bg2 Rh2 36. e5 Rfh7 37. Qxf4+ Qf7 38. exd6 cxd6 39. Qxd6+ Qe7 40. Rf4+ Rf7
41. Qxe7+ Kxe7 42. Re1+ Kd8 43. Rg4 Bc8 44. Rg3 0-1

[Event "Novi (Oct)"]
[Site "?"]
[Date "1994.??.??"]
[Round "?"]
[White "Bensek, R."]
[Black "Bedy, N."]
[Result "0-1"]
[WhiteElo "1605"]
[BlackElo "1605"]
[PlyCount "120"]
[EventDate "1994.??.??"]

1. c4 c5 2. Nc3 Nc6 3. g3 g6 4. Bg2 Bg7 5. Nf3 d6 6. O-O Nf6 7. d3 Bd7 8. Bg5
Qc8 9. Qd2 O-O 10. Bh6 Bh3 11. Bxg7 Kxg7 12. Ng5 Bxg2 13. Kxg2 e6 14. Nce4 Nxe4
15. Nxe4 Qd7 16. Qc3+ e5 17. f4 f5 18. Ng5 Kg8 19. fxe5 dxe5 20. e4 h6 21. Nf3
Qe6 22. exf5 Rxf5 23. h4 Raf8 24. g4 Rf4 25. Nh2 Rxf1 26. Rxf1 Rxf1 27. Kxf1
Qf6+ 28. Kg2 Qxh4 29. Qa3 Qe7 30. Nf3 b6 31. Qa4 Nd4 32. Qd1 Qb7 33. Kg3 Qxf3+
34. Qxf3 Nxf3 35. Kxf3 Kf7 36. Ke4 Ke6 37. a4 a5 38. b3 h5 39. Kf3 hxg4+ 40.
Kxg4 Kf6 41. Kf3 Kf5 42. Ke3 g5 43. Kf3 g4+ 44. Kg3 Kg5 45. Kg2 Kf4 46. Kf2 g3+
47. Kg2 Kg4 48. Kg1 Kf3 49. Kf1 Ke3 50. Kg2 Kxd3 51. Kxg3 e4 52. Kf2 Kd2 53.
Kg3 e3 54. Kf4 e2 55. Ke5 e1=Q+ 56. Kd6 Qe4 57. Kc7 Qe6 58. Kb7 Kc3 59. Ka6
Kxb3 60. Kb5 Qd6 0-1

[Event "Novi (MI Women/1/5)"]
[Site "?"]
[Date "1994.??.??"]
[Round "?"]
[White "Bensek, A."]
[Black "Zarzycki, Katherine"]
[Result "1-0"]
[WhiteElo "1605"]
[BlackElo "1605"]
[PlyCount "45"]
[EventDate "1994.??.??"]

{1/(5)} 1. c4 e5 2. Nc3 Bc5 3. g3 Qf6 4. e3 Nc6 5. Bg2 Na5 6. Nd5 Qd6 7. b3 c6
8. d4 Bb4+ 9. Bd2 c5 10. Nf3 Nf6 11. dxe5 Qc6 12. exf6 gxf6 13. O-O O-O 14.
Ne7+ Kh8 15. Nxc6 dxc6 16. Bxb4 cxb4 17. Qd6 Rg8 18. Qxf6+ Rg7 19. Rad1 Bd7 20.
Rxd7 Rag8 21. Rfd1 c5 22. Rd8 Rxd8 23. Rxd8# 1-0

[Event "Novi (MI Women/5/3)"]
[Site "?"]
[Date "1994.??.??"]
[Round "?"]
[White "Bensek, A."]
[Black "Stinson, Darlene"]
[Result "1/2-1/2"]
[WhiteElo "1605"]
[BlackElo "1605"]
[PlyCount "115"]
[EventDate "1994.??.??"]

{5/(3)} 1. c4 g6 2. Nc3 Bg7 3. g3 d6 4. Bg2 Nc6 5. Nf3 Nf6 6. O-O O-O 7. d4 e5
8. dxe5 dxe5 9. Bg5 Be6 10. b3 h6 11. Bxf6 Bxf6 12. Nd5 Bg7 13. e3 e4 14. Nd4
Nxd4 15. exd4 Bxd5 16. cxd5 Qxd5 17. Re1 Rfe8 18. Rc1 c6 19. Rc5 Qxd4 20. Qxd4
Bxd4 21. Rc4 c5 22. Rxe4 Rxe4 23. Bxe4 Rb8 24. b4 b6 25. bxc5 Bxc5 26. a4 a5
27. Kg2 Rd8 28. h4 Kg7 29. f4 Kf6 30. g4 Rd4 31. Rxd4 Bxd4 32. g5+ hxg5 33.
hxg5+ Ke6 34. Kf3 f5 35. Bc6 Bc5 36. Bb5 Kd5 37. Be8 Ke6 38. Bxg6 b5 39. axb5
a4 40. b6 Bxb6 41. Be8 a3 42. Ba4 Bd4 43. Bb3+ Kd6 44. Ke2 Kc5 45. Kf3 Kb4 46.
Be6 Kc3 47. Kg3 Kb2 48. Kh4 a2 49. Bxa2 Kxa2 50. g6 Bf6+ 51. Kh5 Kb3 52. g7
Bxg7 53. Kg6 Bd4 54. Kxf5 Kc4 55. Ke6 Kd3 56. f5 Ke4 57. f6 Bxf6 58. Kxf6
1/2-1/2

[Event "Novi (MI Women/3/5)"]
[Site "?"]
[Date "1994.??.??"]
[Round "?"]
[White "Bensek, A."]
[Black "Chambers, M."]
[Result "1-0"]
[WhiteElo "1605"]
[BlackElo "1605"]
[PlyCount "79"]
[EventDate "1994.??.??"]

{3/(5)} 1. c4 Nc6 2. Nc3 e5 3. g3 Nf6 4. Bg2 Ne7 5. Nf3 d6 6. O-O Bg4 7. d3 Qd7
8. Ng5 Nf5 9. Bxb7 Rb8 10. Bg2 Nh6 11. b3 Be7 12. Be3 a6 13. d4 Rd8 14. dxe5
dxe5 15. Qxd7+ Rxd7 16. Bc6 O-O 17. Bxd7 Nxd7 18. Nd5 Bc5 19. Bxc5 Nxc5 20. f3
Be6 21. Nxc7 a5 22. a3 Bd7 23. b4 axb4 24. axb4 Nb3 25. Rad1 Nd4 26. e3 Ne2+
27. Kg2 Nc3 28. Rxd7 f6 29. Nge6 Rb8 30. Rxg7+ Kh8 31. Ra1 Nf5 32. Rf7 h6 33.
Ra8 Rg8 34. Nf8 Nxe3+ 35. Kh3 Rg7 36. Nfe6+ Rg8 37. Ne8 Nf5 38. Nxf6 Rxa8 39.
Nf8 Rxf8 40. Rh7# 1-0

[Event "Detroit (Class A/3/9)"]
[Site "?"]
[Date "1994.??.??"]
[Round "?"]
[White "Bemben, R."]
[Black "Ward, Tim"]
[Result "1-0"]
[WhiteElo "1860"]
[BlackElo "1900"]
[PlyCount "107"]
[EventDate "1994.??.??"]

{3/(9)} 1. c4 f5 2. Nc3 Nf6 3. g3 e6 4. Bg2 c6 5. d4 d5 6. b3 Be7 7. Bb2 O-O 8.
Nf3 Ne4 9. Ne5 Bb4 10. Qc1 Nd7 11. Nxd7 Bxd7 12. Bxe4 fxe4 13. Ba3 Bxa3 14.
Qxa3 Qf6 15. O-O Qxd4 16. Na4 e3 17. f3 b6 18. Rad1 Qf6 19. b4 d4 20. Nb2 e5
21. Kg2 Qh6 22. h4 Qe6 23. Rh1 e4 24. Rxd4 exf3+ 25. exf3 Rae8 26. Nd3 e2 27.
Qc1 e1=Q 28. Qxe1 Qg6 29. Qf2 Qf7 30. Nf4 c5 31. bxc5 bxc5 32. Rd5 Be6 33. Nxe6
Rxe6 34. Rhd1 Ra6 35. R1d3 Ra4 36. Qc2 Ra6 37. Rxc5 Rf6 38. Qc3 Qb7 39. Rcd5
Qe7 40. Rd2 Qc7 41. Rd7 Qc6 42. R7d3 Qc7 43. Qd4 Qb7 44. Qd5+ Qf7 45. Qxf7+
R6xf7 46. c5 Rf5 47. Rc2 Rc8 48. c6 Kf8 49. c7 Ke7 50. Re2+ Kf7 51. Rd7+ Kg6
52. Ree7 Rc5 53. Rd6+ Kf5 54. g4+ 1-0

[Event "Ann Arbor (HVA/1/6)"]
[Site "?"]
[Date "1994.??.??"]
[Round "?"]
[White "Bemben, R."]
[Black "Smalec, Joseph"]
[Result "1-0"]
[WhiteElo "1830"]
[BlackElo "1605"]
[PlyCount "69"]
[EventDate "1994.??.??"]

{1/(6)} 1. c4 e5 2. Nc3 Nc6 3. Nf3 Bb4 4. Qc2 Nd4 5. Nxd4 exd4 6. Qe4+ Ne7 7.
Qxd4 O-O 8. e4 Nc6 9. Qe3 d6 10. Be2 Bc5 11. Qg3 Nd4 12. Bd3 Be6 13. O-O b5 14.
cxb5 d5 15. exd5 Bxd5 16. Nxd5 Qxd5 17. b3 Qd6 18. Qh3 h6 19. Bb2 Bb4 20. Qg4
Ne6 21. Bf5 Qxd2 22. Bxe6 Qxb2 23. Bxf7+ Rxf7 24. Qxb4 Raf8 25. f3 Rf4 26. Qc5
a5 27. bxa6 Ra8 28. Qd5+ Kh8 29. Qxa8+ Kh7 30. Qd5 Rd4 31. Qf5+ g6 32. Qf7+ Kh8
33. Rae1 Rd8 34. Re7 Qd4+ 35. Kh1 1-0

[Event "Ann Arbor (HVA/3/4)"]
[Site "?"]
[Date "1994.??.??"]
[Round "?"]
[White "Bemben, R."]
[Black "Paul, Dennis"]
[Result "1-0"]
[WhiteElo "1830"]
[BlackElo "1605"]
[PlyCount "95"]
[EventDate "1994.??.??"]

{3/(4)} 1. c4 e5 2. Nc3 c6 3. Nf3 Bd6 4. d4 f6 5. e4 b5 6. dxe5 Bc5 7. cxb5 Qb6
8. Qc2 Be7 9. Be3 Qd8 10. Bc4 cxb5 11. Bxg8 Rxg8 12. Qb3 Rf8 13. Nxb5 Nc6 14.
Nd6+ Bxd6 15. exd6 Ba6 16. Qa4 Qa5+ 17. Qxa5 Nxa5 18. Rc1 Rb8 19. b3 Nc6 20.
Rc3 Nb4 21. a3 Nd3+ 22. Kd2 Nxf2 23. Bxf2 Kf7 24. Bxa7 Rb7 25. Bc5 Rfb8 26. b4
Re8 27. Re1 Rbb8 28. a4 Bb7 29. Rce3 g5 30. a5 g4 31. Nd4 Re5 32. Nf5 Rbe8 33.
Ne7 h5 34. Kc3 h4 35. Kc4 Ke6 36. b5 Rg5 37. a6 Ba8 38. b6 g3 39. h3 Bc6 40.
Nxc6 dxc6 41. b7 Rg7 42. Bb6 Kxd6 43. Rd1+ Ke5 44. Rd8 Rxd8 45. Bxd8 Rxb7 46.
axb7 Kf4 47. Rf3+ Kxe4 48. b8=Q 1-0

[Event "Ann Arbor (HVA/5/4)"]
[Site "?"]
[Date "1994.??.??"]
[Round "?"]
[White "Bemben, R."]
[Black "McCarter, Robert"]
[Result "1-0"]
[WhiteElo "1830"]
[BlackElo "1725"]
[PlyCount "57"]
[EventDate "1994.??.??"]

{5/(4)} 1. e4 c5 2. Nf3 d6 3. d4 cxd4 4. Nxd4 Nf6 5. Nc3 a6 6. Bc4 e6 7. Bb3
Nbd7 8. O-O Nc5 9. Re1 b5 10. Bg5 Be7 11. f4 Nxb3 12. axb3 Qb6 13. Kh1 h6 14.
Bxf6 gxf6 15. Ndxb5 Bb7 16. Nd4 Rg8 17. Nf3 Kd7 18. Na4 Qc7 19. Re3 Raf8 20.
Rc3 Qb8 21. Nc5+ Ke8 22. Nxa6 Bxa6 23. Rxa6 Qb7 24. Qa1 Qxe4 25. Rc4 Qe2 26.
Ra8+ Bd8 27. Qa4+ Ke7 28. Ra7+ Bc7 29. Raxc7+ 1-0

[Event "Detroit (Class A/4/4)"]
[Site "?"]
[Date "1994.??.??"]
[Round "?"]
[White "Bemben, R."]
[Black "Garrison, Ray"]
[Result "0-1"]
[WhiteElo "1860"]
[BlackElo "1955"]
[PlyCount "66"]
[EventDate "1994.??.??"]

{4/(4)} 1. c4 g6 2. Nc3 Bg7 3. d4 d6 4. e4 Nc6 5. d5 Ne5 6. Be2 f5 7. f3 Nh6 8.
Bg5 O-O 9. Qd2 Nef7 10. h4 Kh8 11. Nh3 Ng8 12. Be3 e5 13. dxe6 Bxe6 14. Ng5 Bd7
15. h5 gxh5 16. Nxf7+ Rxf7 17. Rxh5 Nf6 18. Bg5 Qe8 19. Rh4 fxe4 20. Nxe4 Nxe4
21. Rxe4 Qf8 22. O-O-O Rf5 23. Bd3 Rxg5 24. Rh4 Bh6 25. Rdh1 Rh5 26. Rxh5 Bxd2+
27. Kxd2 Qf4+ 28. Kc2 Kg8 29. Rxh7 Bf5 30. Rh8+ Kg7 31. Rxa8 Qxc4+ 32. Kb1
Bxd3+ 33. Ka1 Bf1 0-1

[Event "Flint (MI Ch Spon/1)"]
[Site "?"]
[Date "1994.??.??"]
[Round "?"]
[White "Bell, J."]
[Black "Libby, Dan"]
[Result "0-1"]
[WhiteElo "1605"]
[BlackElo "1700"]
[PlyCount "48"]
[EventDate "1994.??.??"]

1. e4 d6 2. Nf3 Nf6 3. Nc3 g6 4. Ng5 Bg7 5. Bb5+ c6 6. Ba4 O-O 7. O-O b5 8. d4
bxa4 9. Nxa4 h6 10. Nf3 Nxe4 11. Re1 d5 12. Nc5 Nxc5 13. Nh4 Ncd7 14. b4 c5 15.
b5 cxd4 16. Bb2 e5 17. a3 Qxh4 18. g3 Qh3 19. a4 Bb7 20. Ba3 Re8 21. Rb1 Nf6
22. Rb4 Ng4 23. f3 Qxh2+ 24. Kf1 Qf2# 0-1

[Event "Flint (MI Ch Spon/3)"]
[Site "?"]
[Date "1994.??.??"]
[Round "?"]
[White "Bell, J."]
[Black "Helle, Frank"]
[Result "0-1"]
[WhiteElo "1605"]
[BlackElo "2065"]
[PlyCount "46"]
[EventDate "1994.??.??"]

1. e4 c5 2. Nc3 Nc6 3. Nf3 e6 4. Bb5 Qc7 5. O-O a6 6. Re1 axb5 7. Nxb5 Qb8 8.
b3 Nf6 9. Bb2 Be7 10. Bc3 O-O 11. e5 Nd5 12. Bb2 b6 13. Nd6 Bxd6 14. exd6 Qxd6
15. c4 Ndb4 16. a3 Nd3 17. Re2 Nxb2 18. Qb1 Nd3 19. a4 Bb7 20. b4 Ncxb4 21. Ra3
Qf4 22. g3 Qxf3 23. Qd1 Qg2# 0-1

[Event "Flint (MI Ch Spon/3)"]
[Site "?"]
[Date "1994.??.??"]
[Round "?"]
[White "Bell, D."]
[Black "O'Rourke, T."]
[Result "0-1"]
[WhiteElo "1605"]
[BlackElo "1605"]
[PlyCount "40"]
[EventDate "1994.??.??"]

1. e4 e5 2. Bc4 Nf6 3. Nf3 Nc6 4. O-O Nxe4 5. Nc3 Nf6 6. d3 Ng4 7. Ng5 Qf6 8.
Qxg4 Bd6 9. Nce4 Qh6 10. Nf3 g5 11. Bxg5 Qg6 12. h3 Ne7 13. d4 exd4 14. Nxd4 c5
15. Nf3 a5 16. Bf4 Qxe4 17. b3 Rg8 18. Qh4 Bxf4 19. Rfe1 Qg6 20. Bd3 Qxg2# 0-1

[Event "Flint (MI Ch Spon/4)"]
[Site "?"]
[Date "1994.??.??"]
[Round "?"]
[White "Bell, D."]
[Black "Gegaj, T."]
[Result "1-0"]
[WhiteElo "1605"]
[BlackElo "1605"]
[PlyCount "87"]
[EventDate "1994.??.??"]

1. e4 e5 2. Bc4 Nf6 3. Nc3 Bb4 4. a3 Bxc3 5. dxc3 O-O 6. Nf3 Nxe4 7. O-O Re8 8.
h4 Nc6 9. Bg5 Re7 10. Bxe7 Qxe7 11. Bd5 Na5 12. Bxe4 Nc4 13. Qd5 Nxb2 14. Qxe5
Qxe5 15. Nxe5 d6 16. Nd3 c6 17. Nxb2 g6 18. Bd3 Bf5 19. Rfe1 Bxd3 20. cxd3 b5
21. Re3 Kf8 22. Rae1 a6 23. a4 d5 24. a5 d4 25. cxd4 b4 26. d5 cxd5 27. Re5 Rc8
28. Rxd5 h5 29. d4 b3 30. Nc4 f6 31. Nd6 b2 32. Nxc8 Kg7 33. Rd7+ Kh6 34. d5 f5
35. d6 f4 36. Ra7 f3 37. gxf3 g5 38. d7 gxh4 39. d8=Q h3 40. Qh4 h2+ 41. Kxh2
Kg6 42. Re6+ Kf5 43. Re1 Kg6 44. f4 1-0

[Event "Detroit (MCO/Ch/1b/3)"]
[Site "?"]
[Date "1994.??.??"]
[Round "?"]
[White "Bell, A."]
[Black "Drkulec, Vladimir"]
[Result "0-1"]
[WhiteElo "1755"]
[BlackElo "2225"]
[PlyCount "58"]
[EventDate "1994.??.??"]

1. e4 e5 2. Nf3 Nc6 3. Bc4 Bc5 4. c3 Nf6 5. d4 exd4 6. cxd4 Bb4+ 7. Nc3 Nxe4 8.
O-O Bxc3 9. d5 Ne5 10. bxc3 Nxc4 11. Qd4 O-O 12. Qxc4 Nd6 13. Qg4 f5 14. Qg3
Ne4 15. Qe5 d6 16. Qd4 b6 17. Bb2 Ba6 18. Rfe1 Qf6 19. Qa4 Nc5 20. Qc2 Bd3 21.
Qd2 Bc4 22. Ng5 Rfe8 23. Ba3 Nd3 24. Red1 Re5 25. Ne6 Rc8 26. Nf4 Nxf4 27. Qxf4
Bxd5 28. Qd4 Qg6 29. g3 Qh5 0-1

[Event "Detroit (MCO/Ch/4/12)"]
[Site "?"]
[Date "1994.??.??"]
[Round "?"]
[White "Bell, A."]
[Black "Dangremond, Leonard"]
[Result "0-1"]
[WhiteElo "1755"]
[BlackElo "2060"]
[PlyCount "66"]
[EventDate "1994.??.??"]

{4/(12)} 1. e4 e5 2. Nf3 Nc6 3. d4 exd4 4. Nxd4 Bc5 5. Be3 Qf6 6. c3 Nge7 7.
Bc4 Bb6 8. O-O O-O 9. f4 d6 10. Na3 Be6 11. Qd2 Rfe8 12. Rae1 Nxd4 13. cxd4
Bxc4 14. Nxc4 Nc6 15. d5 Bxe3+ 16. Rxe3 Ne7 17. e5 dxe5 18. fxe5 Qg5 19. d6 Nf5
20. Rxf5 Qxf5 21. dxc7 Qc8 22. Nd6 Qxc7 23. Nxe8 Rxe8 24. Kf2 h6 25. Qd6 Qc2+
26. Re2 Qf5+ 27. Kg3 Re6 28. Qd8+ Kh7 29. h4 Rxe5 30. Rxe5 Qxe5+ 31. Kf3 Qxb2
32. Qd3+ g6 33. h5 Qf6+ 0-1

[Event "Detroit (Class C/3/20)"]
[Site "?"]
[Date "1994.??.??"]
[Round "?"]
[White "Belill, Mike"]
[Black "Troupe, D."]
[Result "1/2-1/2"]
[WhiteElo "1605"]
[BlackElo "1605"]
[PlyCount "102"]
[EventDate "1994.??.??"]

{3/(20)} 1. e4 e5 2. Nf3 Nc6 3. Bc4 h6 4. d3 Nf6 5. O-O a6 6. a4 d5 7. exd5
Nxd5 8. Re1 Bg4 9. c3 Nf6 10. b4 Be7 11. Nbd2 O-O 12. Qb3 Bh5 13. Bb2 Rb8 14.
a5 Ra8 15. Nxe5 Nxe5 16. Rxe5 Bg6 17. Rae1 Bd6 18. R5e2 b5 19. axb6 cxb6 20.
Ne4 b5 21. Nxf6+ Qxf6 22. Bd5 Rad8 23. c4 Qf4 24. g3 Qg4 25. Qc3 Bh5 26. c5
Bxg3 27. Bxf7+ Bxf7 28. fxg3 Bd5 29. Re7 Rf7 30. Rxf7 Kxf7 31. Rf1+ Kg8 32. Qe5
Rd7 33. Qf5 Qe2 34. Qf2 Qxf2+ 35. Rxf2 Bc6 36. d4 Bd5 37. Bc1 Re7 38. Bf4 Re1+
39. Rf1 Re2 40. Rc1 Bc6 41. Rd1 Bd5 42. Rc1 Bc6 43. Kf1 Rxh2 44. Re1 Rb2 45.
Re6 Bd7 46. Rxa6 Rxb4 47. c6 Bg4 48. c7 Rxd4 49. Ra8+ Kh7 50. c8=Q Bxc8 51.
Rxc8 Rd5 1/2-1/2

[Event "Detroit (Class C/4/21)"]
[Site "?"]
[Date "1994.??.??"]
[Round "?"]
[White "Belill, Mike"]
[Black "Jensen, D."]
[Result "1-0"]
[WhiteElo "1605"]
[BlackElo "1605"]
[PlyCount "97"]
[EventDate "1994.??.??"]

{4/(21)} 1. e4 c5 2. Nf3 d6 3. d4 cxd4 4. Nxd4 Nf6 5. Nc3 g6 6. Bg5 Bg7 7. Qd2
Nc6 8. Nxc6 bxc6 9. Bh6 O-O 10. h4 Qa5 11. f3 Qh5 12. Bxg7 Kxg7 13. Bc4 Be6 14.
Bxe6 fxe6 15. O-O-O Qa5 16. g4 e5 17. h5 Kf7 18. hxg6+ hxg6 19. Rh6 Rh8 20.
Rdh1 Rxh6 21. Rxh6 Rg8 22. Qh2 Qd8 23. Ne2 g5 24. Ng3 e6 25. Nh5 Rg6 26. Nxf6
Qxf6 27. Qh5 Kg7 28. Rh7+ Kg8 29. Rxa7 Rh6 30. Qe8+ Qf8 31. Qxf8+ Kxf8 32. b3
Rh3 33. a4 Ke8 34. a5 Kd8 35. a6 Kc8 36. Rf7 Kb8 37. Rb7+ Ka8 38. Rb6 Rxf3 39.
Rxc6 d5 40. Rxe6 dxe4 41. Rxe5 e3 42. Kd1 Rg3 43. Rxg5 Rg2 44. b4 Rd2+ 45. Ke1
Rxc2 46. b5 Rb2 47. Re5 Rg2 48. b6 Kb8 49. Re8# 1-0

[Event "Flint (MI Ch Spon/4)"]
[Site "?"]
[Date "1994.??.??"]
[Round "?"]
[White "Belill, Mike"]
[Black "Hickey, Gene"]
[Result "1/2-1/2"]
[WhiteElo "1605"]
[BlackElo "2085"]
[PlyCount "27"]
[EventDate "1994.??.??"]

1. e4 b6 2. d4 Bb7 3. Nc3 g6 4. Nf3 Bg7 5. Bc4 e6 6. Bg5 Ne7 7. Qd2 Nbc6 8. d5
Ne5 9. Nxe5 Bxe5 10. f4 Bg7 11. O-O-O O-O 12. Rhe1 Re8 13. e5 Qc8 14. Ne4
1/2-1/2

[Event "Flint (MI Ch Spon/1)"]
[Site "?"]
[Date "1994.??.??"]
[Round "?"]
[White "Belill, Mike"]
[Black "Bell, D."]
[Result "1-0"]
[WhiteElo "1605"]
[BlackElo "1605"]
[PlyCount "53"]
[EventDate "1994.??.??"]

1. e4 e5 2. Nf3 Nc6 3. Bc4 Nf6 4. Ng5 Bb4 5. Nxf7 Qe7 6. Nxh8 Qf8 7. Nf7 a6 8.
O-O b5 9. Bb3 Na5 10. Nxe5 Bd6 11. Nf3 Nxe4 12. Re1 Bb7 13. d3 O-O-O 14. dxe4
Bb4 15. c3 Bc5 16. Be3 d6 17. Bd5 c6 18. Be6+ Kc7 19. b4 Qe7 20. bxa5 Qxe6 21.
Bxc5 dxc5 22. Qe2 Qg4 23. Nbd2 c4 24. Ne5 Qg5 25. Ndf3 Qf6 26. Qe3 c5 27. Qxc5+
{[Black played the illegal 27...Kd7. 1-0, 34]} 1-0

[Event "Detroit (Class DE/5/1)"]
[Site "?"]
[Date "1994.??.??"]
[Round "?"]
[White "Belill, Matt"]
[Black "Mihelich, John"]
[Result "1/2-1/2"]
[WhiteElo "1605"]
[BlackElo "1605"]
[PlyCount "51"]
[EventDate "1994.??.??"]

{5/(1)} 1. e4 e5 2. Nf3 Nc6 3. Bb5 Nge7 4. O-O d6 5. h3 Bd7 6. d4 Ng6 7. Re1 a6
8. Bc4 exd4 9. Nxd4 Nce5 10. Be2 Be7 11. Nf5 Bxf5 12. exf5 Nf8 13. Nc3 Nfd7 14.
Nd5 O-O 15. Bg4 Bf6 16. Bf4 Re8 17. Bxe5 Nxe5 18. b3 Nxg4 19. Rxe8+ Qxe8 20.
hxg4 Bxa1 21. Nxc7 Qc6 22. Nxa8 Be5 23. c4 Qe4 24. Nb6 Qf4 25. g3 Qe4 26. Nd5
1/2-1/2

[Event "Detroit (Class DE/1/4)"]
[Site "?"]
[Date "1994.??.??"]
[Round "?"]
[White "Belill, Matt"]
[Black "McMahan, M."]
[Result "1-0"]
[WhiteElo "1605"]
[BlackElo "1605"]
[PlyCount "127"]
[EventDate "1994.??.??"]

{1/(4)} 1. e4 e5 2. Nf3 Nc6 3. Bb5 Bc5 4. O-O Nf6 5. Nxe5 Nxe5 6. d4 Bxd4 7.
Qxd4 Nc6 8. Bxc6 bxc6 9. Bg5 d6 10. Rd1 Qe7 11. Re1 Qe5 12. Bxf6 gxf6 13. c3
Rg8 14. Qxe5+ fxe5 15. Re3 Be6 16. Nd2 O-O-O 17. a4 d5 18. g3 d4 19. cxd4 exd4
20. Rd3 Bh3 21. Nf3 c5 22. Ne5 f5 23. exf5 Bxf5 24. Rf3 Be4 25. Rf4 Bb7 26. Nc4
Rge8 27. Kf1 d3 28. Nd2 Re2 29. Rd1 Kd7 30. Rf7+ Kc6 31. Rf6+ Kd5 32. Rf7 Rb8
33. Rd7+ Ke6 34. Rxd3 Re4 35. Nxe4 Bxe4 36. Re3 Kf5 37. Rde1 Bc2 38. Re5+ Kf6
39. Rxc5 Bxa4 40. Rxc7 Rxb2 41. Rxa7 Bb5+ 42. Kg1 h5 43. Rb7 Kf5 44. h3 Rb3 45.
Rc1 Bc4 46. g4+ hxg4 47. hxg4+ Kg5 48. Rxb3 Bxb3 49. f3 Kf4 50. Kf2 Bd5 51. Rc3
Bb7 52. Rc4+ Kg5 53. Kg3 Ba8 54. f4+ Kg6 55. Kh4 Bd5 56. Rd4 Bf7 57. Rd6+ Kg7
58. Kg5 Be8 59. Ra6 Bf7 60. Ra7 Kg8 61. Kh6 Be6 62. g5 Bf5 63. g6 Be6 64. Ra8+
1-0

[Event "Detroit (Class DE/3/3)"]
[Site "?"]
[Date "1994.??.??"]
[Round "?"]
[White "Belill, Matt"]
[Black "Kenworthy, Matt"]
[Result "1-0"]
[WhiteElo "1605"]
[BlackElo "1605"]
[PlyCount "49"]
[EventDate "1994.??.??"]

{3/(3)} 1. e4 e5 2. Nf3 Nc6 3. Bb5 d6 4. h3 Bd7 5. O-O Nf6 6. Re1 a6 7. Ba4 b5
8. Bb3 h6 9. c3 b4 10. d4 bxc3 11. bxc3 Qe7 12. Nbd2 exd4 13. cxd4 Nb4 14. e5
dxe5 15. Rxe5 Be6 16. Qe2 Qd7 17. Bxe6 fxe6 18. Rxe6+ Kf7 19. Ne5+ Kxe6 20.
Nxd7+ Kxd7 21. Nb3 Bd6 22. Nc5+ Kc6 23. Qc4 Kb6 24. Qxb4+ Kc6 25. Qb7# 1-0

[Event "Eastpointe (MI Action/4/12)"]
[Site "?"]
[Date "1994.??.??"]
[Round "?"]
[White "Bee, A."]
[Black "Marson, Michael"]
[Result "1-0"]
[WhiteElo "1900"]
[BlackElo "1605"]
[PlyCount "49"]
[EventDate "1994.??.??"]

{4/(12)} 1. d4 Nf6 2. Nf3 c5 3. c3 cxd4 4. cxd4 Nc6 5. e3 e6 6. Nc3 Bb4 7. a3
Bxc3+ 8. bxc3 b6 9. Bd3 Bb7 10. O-O O-O 11. e4 d6 12. Bg5 e5 13. d5 Nb8 14. Nd2
Ba6 15. Bxa6 Nxa6 16. f4 Nc5 17. fxe5 dxe5 18. Bxf6 gxf6 19. Qh5 Nd3 20. g3 Kh8
21. Rf3 Nf4 22. gxf4 Rg8+ 23. Kf2 Qc8 24. fxe5 Qc5+ 25. Re3 1-0

[Event "Eastpointe (MI Action/3/7)"]
[Site "?"]
[Date "1994.??.??"]
[Round "?"]
[White "Bee, A."]
[Black "Finegold, Mark"]
[Result "0-1"]
[WhiteElo "1900"]
[BlackElo "2255"]
[PlyCount "44"]
[EventDate "1994.??.??"]

{3/(7)} 1. d4 d5 2. Nf3 c6 3. e3 Nf6 4. Bd3 e6 5. O-O Nbd7 6. Nbd2 Bd6 7. Re1
O-O 8. c3 b6 9. e4 dxe4 10. Nxe4 Nxe4 11. Bxe4 Bb7 12. Ng5 Nf6 13. Bd3 c5 14.
dxc5 Bxc5 15. Be3 Qd5 16. Nf3 Rad8 17. Bxc5 Qxc5 18. Qc2 h6 19. Re5 Qd6 20. Rd1
Be4 21. Be2 Bxc2 22. Rxd6 Rxd6 0-1

[Event "Eastpointe (MI Action/1/13)"]
[Site "?"]
[Date "1994.??.??"]
[Round "?"]
[White "Bee, A."]
[Black "Aldrich, Justin"]
[Result "1-0"]
[WhiteElo "1900"]
[BlackElo "1605"]
[PlyCount "55"]
[EventDate "1994.??.??"]

{1/(13)} 1. d4 d5 2. Nf3 e6 3. e3 Bd6 4. Bd3 Nf6 5. Nbd2 Nc6 6. c3 e5 7. dxe5
Nxe5 8. Nxe5 Bxe5 9. Nf3 Bd6 10. O-O Bg4 11. h3 Bh5 12. Qa4+ c6 13. Nd4 O-O 14.
Bd2 Ne4 15. Be1 Nc5 16. Qc2 Nxd3 17. Qxd3 Bg6 18. Qe2 Re8 19. Bd2 c5 20. Nf3 c4
21. Qd1 Qf6 22. Nd4 Bd3 23. Re1 Qg6 24. Qg4 Qxg4 25. hxg4 h6 26. f4 Bc5 27. b4
Bxd4 28. exd4 1-0